Structure and trends in women's crime in the Federal Republic of Germany

Gespeichert in:  
Bibliographische Detailangaben
1. VerfasserIn: Schneider, Ursula 1956- (Verfasst von)
Medienart: Druck Aufsatz
Sprache:Englisch
Veröffentlicht: 2000
In: Prevention of crime and treatment of offenders
Jahr: 2000, Seiten: 39-43
Verfügbarkeit prüfen: HBZ Gateway
Schlagwörter:

MARC

LEADER 00000caa a22000002c 4500
001 1525925377
003 DE-627
005 20220604104954.0
007 tu
008 160223s2000 xx ||||| 00| ||eng c
035 |a (DE-627)1525925377 
035 |a (DE-576)455925372 
035 |a (DE-599)BSZ455925372 
040 |a DE-627  |b ger  |c DE-627  |e rakwb 
041 |a eng 
100 1 |a Schneider, Ursula  |d 1956-  |0 (DE-588)141922982  |0 (DE-627)704096390  |0 (DE-576)325290822  |4 aut 
109 |a Schneider, Ursula 1956- 
245 1 0 |a Structure and trends in women's crime in the Federal Republic of Germany  |c Ursula Schneider 
264 1 |c 2000 
336 |a Text  |b txt  |2 rdacontent 
337 |a ohne Hilfsmittel zu benutzen  |b n  |2 rdamedia 
338 |a Band  |b nc  |2 rdacarrier 
773 0 8 |i In  |t Prevention of crime and treatment of offenders  |d Berlin : Federal Ministry of Justice, Press and Public Relations Section, Political Contacts, 2000  |g (2000), Seite 39-43  |h 206 S.  |w (DE-627)1154799085  |w (DE-576)084799080  |7 nnam 
773 1 8 |g year:2000  |g pages:39-43 
935 |a mkri 
951 |a AR 
ELC |b 1 
LOK |0 000 xxxxxcx a22 zn 4500 
LOK |0 001 2899404318 
LOK |0 003 DE-627 
LOK |0 004 1525925377 
LOK |0 005 20251218114347 
LOK |0 008 160208||||||||||||||||ger||||||| 
LOK |0 040   |a DE-21-110  |c DE-627  |d DE-21-110 
LOK |0 689   |a s  |a Frauenkriminalität 
LOK |0 689   |a s  |a Entwicklung 
LOK |0 852   |a DE-21-110 
LOK |0 852 1  |m p  |9 00 
LOK |0 935   |a k110 
LOK |0 938   |k p 
LOK |0 939   |a 08-02-16  |b l01 
ORI |a SA-MARC-krimdoka001.raw